Größte Städte Neuseelands - Statistiken

Allgemein
  • Dieses Quiz wurde 83 mal gespielt
  • Das Durchschnittsergebnis liegt bei 5 aus 10
Antwortstatistiken
Einwohnerzahl Stadt % Korrekt
212.000 Wellington
100%
1.440.300 Auckland
99%
377.900 Christchurch
92%
102.400 Dunedin
57%
179.900 Hamilton
43%
66.800 Napier
36%
158.300 Tauranga
34%
81.200 Palmerston North
20%
111.500 Lower Hutt
12%
60.200 Porirua
0%
Keine übereinstimmenden Quizze gefunden
Verteilung der Resultate
Anzahl Personen mit jedem Resultat
Perzentil nach korrekt beantworteten Fragen
Ihre Resultats-Entwicklung
Sie haben dieses Quiz noch nicht gespielt